Meditaciones del Quijote
Đã lưu trong:
| Tác giả khác: | , |
|---|---|
| Định dạng: | Sách |
| Ngôn ngữ: | Tiếng Tây Ban Nha |
| Được phát hành: |
Madrid
Gredos
2012
|
| Phiên bản: | 1a. ed |
| Loạt: | Biblioteca Grandes Pensadores
|
| Những chủ đề: | |
| Các nhãn: |
Thêm thẻ
Không có thẻ, Là người đầu tiên thẻ bản ghi này!
|
MARC
| LEADER | 00000cam a2200000 a 4500 | ||
|---|---|---|---|
| 001 | UCE8424 | ||
| 003 | CL-VaPUC | ||
| 005 | 20221119074311.0 | ||
| 008 | 150731e20120000sp |||||||||||||||||spa|d | ||
| 999 | |c 360294 |d 360292 | ||
| 020 | |a 9788424923327 | ||
| 040 | |c Pontificia Universidad Católica de Valparaíso | ||
| 082 | 0 | 4 | |a 196.1 |b ORT |2 21 |
| 245 | 1 | 0 | |a Meditaciones del Quijote |
| 246 | 1 | 0 | |a Qué es la filosofía? |
| 246 | 1 | 0 | |a La rebelión de las masas |
| 246 | 1 | 0 | |a Pidiendo un Goethe desde adentro |
| 246 | 1 | 0 | |a En torno a Galileo |
| 246 | 1 | 0 | |a Historia como sistema |
| 246 | 1 | 0 | |a Ideas y creencias |
| 246 | 1 | 0 | |a Prólogo a: historia de la filosofía, de Emilie Bréhier |
| 246 | 1 | 0 | |a La idea de principio en Leibniz y la evolución de la teoría deductiva |
| 250 | |a 1a. ed | ||
| 260 | |a Madrid |b Gredos |c 2012 | ||
| 300 | |a 891 p | ||
| 490 | 0 | |a Biblioteca Grandes Pensadores | |
| 583 | |a last modification |c 20161205 03:18:10 |k Rodrigo Vera | ||
| 650 | 0 | |a Filosofía española |9 254895 | |
| 700 | |a Lasada, José |e estudio introductorio |9 878579 | ||
| 700 | |a Gomá, Javier |e prólogo |9 878580 | ||
| 942 | |c BK |2 ddc | ||
| 945 | |d 20150731 12:25:00 |a gsalatino | ||
| 952 | |0 0 |1 0 |3 erd |4 0 |6 196_100000000000000_ORT_2012 |7 0 |8 R |9 470011 |a BIBEDU |b BIBEDU |c MCIRC |i 5191645 |o 196.1 ORT 2012 |p 5191645 |r 2023-01-13 |w 2019-11-23 |y BK_R |z Catalogado en:20150731 |k FIL | ||